000 00585nam a2200205Ia 4500
005 20250508150232.0
008 008 250505s9999 xx 000 0 eng d
037 _aTextual
040 _aFEDL
_beng
_cFEDL
041 _aeng
_2eng
084 _a155.4, FAE
_qFEDL
100 _aFaegre Marion L.
_988143
245 0 _aChild care and training
260 _aMinneapolis
_bThe University of Minnesota Press
_c1928
300 _avi,300p.
650 _aChild Psychology
700 _a Anderson John E.
_9756202
942 _cTEXL
_h155.4, FAE
999 _c1322547
_d1322547